000 00388nam a22001697a 4500
005 20160629122325.0
008 160629b xxu||||| |||| 00| 0 eng d
020 _a978-93-5014-209-7
041 _aeng
082 _b12084
100 _aUpadhyay,A.K
_93142
245 _aSteel Structures
260 _bKatson
_c2012
300 _a347
650 _aDiploma Engineering
_9817
942 _cBK
999 _c4638
_d4636